Rebuilding the player piano. (Запис № 542374)

МАРК-запис
000 -LEADER
fixed length control field 01387cam a22003491 4500
001 - CONTROL NUMBER
control field rebuildingplayer00give
003 - CONTROL NUMBER IDENTIFIER
control field CaSfIA
005 - DATE AND TIME OF LATEST TRANSACTION
control field 20210118214336.0
007 - PHYSICAL DESCRIPTION FIXED FIELD--GENERAL INFORMATION
fixed length control field cr||||
008 - FIXED-LENGTH DATA ELEMENTS--GENERAL INFORMATION
fixed length control field 751119s1963 nyua 000 0 eng
010 ## - LIBRARY OF CONGRESS CONTROL NUMBER
LC control number 63015805
040 ## - CATALOGING SOURCE
Original cataloging agency DLC
Transcribing agency WRJ
Modifying agency DLC
-- OCLCQ
-- NLGGC
-- BTCTA
-- OCLCG
-- CaSfIA
035 ## - SYSTEM CONTROL NUMBER
System control number (OCoLC)919190
050 00 - LIBRARY OF CONGRESS CALL NUMBER
Classification number ML1051
Item number .G6
082 00 - DEWEY DECIMAL CLASSIFICATION NUMBER
Classification number 681.83
084 ## - OTHER CLASSIFICATION NUMBER
Classification number 24.85
Source of number bcl
029 1# - (OCLC)
OCLC library identifier NLGGC
System control number 058374051
029 1# - (OCLC)
OCLC library identifier NZ1
System control number 3527737
029 1# - (OCLC)
OCLC library identifier AU@
System control number 000010741451
029 1# - (OCLC)
OCLC library identifier AU@
System control number 000023068649
100 1# - MAIN ENTRY--PERSONAL NAME
Personal name Givens, Larry,
Dates associated with a name 1937-
245 10 - TITLE STATEMENT
Title Rebuilding the player piano.
Medium [electronic resource]
260 ## - PUBLICATION, DISTRIBUTION, ETC. (IMPRINT)
Place of publication, distribution, etc Vestal, N.Y.,
Name of publisher, distributor, etc Vestal Press
Date of publication, distribution, etc [c1963]
300 ## - PHYSICAL DESCRIPTION
Extent 164 p.
Other physical details illus.
Dimensions 21 cm.
506 ## - RESTRICTIONS ON ACCESS NOTE
Standardized terminology for access restriction Необхідна авторизація на https://archive.org/ (створення облікового запису безкоштовно)
506 ## - RESTRICTIONS ON ACCESS NOTE
Standardized terminology for access restriction Необхідна авторизація на https://openlibrary.org/ (створення облікового запису безкоштовно)
650 #0 - SUBJECT ADDED ENTRY--TOPICAL TERM
Topical term or geographic name as entry element Player piano
General subdivision Construction.
650 17 - SUBJECT ADDED ENTRY--TOPICAL TERM
Topical term or geographic name as entry element Pianola's.
Source of heading or term gtt
856 41 - ELECTRONIC LOCATION AND ACCESS
Uniform Resource Identifier <a href="http://www.archive.org/details/rebuildingplayer00give">http://www.archive.org/details/rebuildingplayer00give</a>
Public note Free eBook from the Internet Archive
856 42 - ELECTRONIC LOCATION AND ACCESS
Uniform Resource Identifier <a href="http://www.openlibrary.org/books/OL5883959M">http://www.openlibrary.org/books/OL5883959M</a>
Public note Additional information and access via Open Library
942 ## - ADDED ENTRY ELEMENTS (KOHA)
Koha item type ЕКнига

Немає доступних примірників.